Library Logo

Pioneer International University Library Catalogue

Dead man's walk : (Record no. 2682)

MARC details
000 -LEADER
fixed length control field 00435cam a22001573a 4500
005 - DATE AND TIME OF LATEST TRANSACTION
control field 20250901165345.0
008 - FIXED-LENGTH DATA ELEMENTS--GENERAL INFORMATION
fixed length control field 960524t19961995nyu 000 1 eng d
010 ## - LIBRARY OF CONGRESS CONTROL NUMBER
LC control number 2003586736
020 ## - INTERNATIONAL STANDARD BOOK NUMBER
International Standard Book Number 0671001167
050 00 - LIBRARY OF CONGRESS CALL NUMBER
Classification number PS356.A319 .M36 1996
100 1# - MAIN ENTRY--PERSONAL NAME
Personal name McMurtry, Larry.
245 10 - TITLE STATEMENT
Title Dead man's walk :
Remainder of title a novel /
Statement of responsibility, etc. by Larry McMurtry.
260 ## - PUBLICATION, DISTRIBUTION, ETC.
Place of publication, distribution, etc. New York :
Name of publisher, distributor, etc. Pocket Books,
Date of publication, distribution, etc. 1996, c1995.
300 ## - PHYSICAL DESCRIPTION
Extent 518 p. ;
Dimensions 18 cm.
942 ## - ADDED ENTRY ELEMENTS (KOHA)
Source of classification or shelving scheme Dewey Decimal Classification
Holdings
Withdrawn status Lost status Source of classification or shelving scheme Damaged status Not for loan Home library Current library Shelving location Date acquired Total checkouts Full call number Barcode Date last seen Price effective from Koha item type
    Library of Congress Classification     Main Library Main Library   03/16/2021   PS356.A319 .M36 1996 PIU0010529 03/16/2021 03/16/2021 Books